000 00388nam a22001217a 4500
008 180518b xxu||||| |||| 00| 0 eng d
041 _aeng
080 _a043.3
100 _a0
101 _aMEK-MTH
245 _aTeknologjia e linjës së zinkimit në "Llamkos Galva Steel" dhe përparësitë me aplikimin e kontrollerve logjikë të programueshëm- PLC-ve
_cRrustemi,B
942 _2udc
_cBK
999 _c45961
_d45961